Diferenčné rovnice premenlivej renty

Prezentácia použitia metódy diferenčného počtu vo finančnej matematike.

Guardado en:
Detalles Bibliográficos
Autor principal: Sakálová, Katarína, 1955-
Otros Autores: Krčová, Ingrid, 1969-
Formato: Capítulo de libro
Lenguaje:eslovaco
Materias:
Etiquetas: Agregar Etiqueta
Sin Etiquetas, Sea el primero en etiquetar este registro!

MARC

LEADER 00000naa$a2200000$$$4500
001 0075531
005 20240502071903.0
041 0 |a slo 
044 |a SK 
245 1 0 |a Diferenčné rovnice premenlivej renty  |c Katarína Sakálová, Ingrid Krčová 
520 |a Prezentácia použitia metódy diferenčného počtu vo finančnej matematike. 
610 2 0 |a matematika finančná 
610 2 0 |a renta diferenciálna 
610 2 0 |a miera úroková 
610 2 0 |a modely lineárne 
100 1 |a Sakálová, Katarína, 1955- 
700 1 |a Krčová, Ingrid, 1969-